Irteqaye nazam-e-hukumat-e-Europe (Record no. 1043646)

MARC details
000 -LEADER
fixed length control field 00705nam a2200253Ia 4500
003 - CONTROL NUMBER IDENTIFIER
control field OSt
005 - DATE AND TIME OF LATEST TRANSACTION
control field 20221005122224.0
008 - FIXED-LENGTH DATA ELEMENTS--GENERAL INFORMATION
fixed length control field 221004b |||||||| |||| 00| 0 urd d
037 ## - SOURCE OF ACQUISITION
Terms of availability Textual
040 ## - CATALOGING SOURCE
Original cataloging agency CRL
Transcribing agency CRL
Language of cataloging urd
041 ## - LANGUAGE CODE
Source of code urd
Language code of text/sound track or separate title urd
100 ## - MAIN ENTRY--PERSONAL NAME
Personal name Sejock Henry Au.
9 (RLIN) 631665
245 #0 - TITLE STATEMENT
Title Irteqaye nazam-e-hukumat-e-Europe
260 ## - PUBLICATION, DISTRIBUTION, ETC.
Date of publication, distribution, etc. 1929
650 ## - SUBJECT ADDED ENTRY--TOPICAL TERM
Topical term or geographic name entry element EUROPE - HISTORY
650 ## - SUBJECT ADDED ENTRY--TOPICAL TERM
Topical term or geographic name entry element CONSTITUTIONS
9 (RLIN) 28454
700 ## - ADDED ENTRY--PERSONAL NAME
Personal name Hussain Qazi Talmand Tr.
9 (RLIN) 631666
942 ## - ADDED ENTRY ELEMENTS (KOHA)
Classification part V5:2.M9, 168F9
Koha item type Textual
Source of classification or shelving scheme
Holdings
Withdrawn status Lost status Damaged status Not for loan Home library Current library Date acquired Total Checkouts Full call number Barcode Date last seen Price effective from Koha item type
        Central Library Central Library 2022-10-05   V5:2.M9 168F9 AL0010370 2022-10-05 2022-10-05 Textual
Copyright @ Delhi University Library System